| 000 | 00725na a2200253 4500 | ||
|---|---|---|---|
| 001 | 24033 | ||
| 003 | MIRAKIL | ||
| 005 | 20181213155327.0 | ||
| 008 | 180227b tu 000 0 | ||
| 020 | _a9757045101 | ||
| 040 |
_aMilas _btur _cTR-AnCHP |
||
| 041 | _atur | ||
| 082 |
_a956.7044 _bY28h 2002 |
||
| 090 | _a956.7044 Y28h 2002 | ||
| 100 | _aYavi, Ersal | ||
| 245 |
_aHedefteki adam Saddam _cErsal Yavi |
||
| 260 |
_aİzmir _bYazıcı Yayınevi _c2002 _fMelisa matbaacılık |
||
| 300 |
_a535 s. _c21 sm. |
||
| 500 | _aYapıt yazarından imzalıdır. | ||
| 650 |
_aCumhurbaşkanları _xIrak _xSaddam Hüseyin |
||
| 650 |
_aSiyaset ve yönetim _zIrak |
||
| 651 |
_aIrak _xSiyaset ve yönetim |
||
| 942 |
_2ddc _cBKS |
||
| 999 |
_c10598 _d10598 |
||